| 000 | 00642nam a2200217Ia 4500 | ||
|---|---|---|---|
| 008 | 160418s9999 xx 000 0 und d | ||
| 020 | _a971-599-175-0 | ||
| 050 | _aFIL PL 6058.9 | ||
| 050 | _b.B3F56 2001 | ||
| 245 | _aFlorante at Laura ni Francisco Baltazar / | ||
| 245 | _cipinaliwanag ni Sonny A. Mendoza. | ||
| 260 | _aManila : | ||
| 260 | _bThe National Library, | ||
| 260 | _c2001 | ||
| 300 | _a151 pages : | ||
| 300 | _billustrations ; | ||
| 300 | _c20 cm. | ||
| 650 | _aBaltazar, Francisco, 1788-1862. | ||
| 650 | _aPhilippine literature. | ||
| 650 | _xPhilippine literature -- Study and teaching -- Florante at Laura. | ||
| 999 |
_c293577 _d293577 |
||